Más de cien españoles / (Record no. 88284)

MARC details
000 -LEADER
campo de control de longitud fija 00677nam a2200217 i 4500
001 - NÚMERO DE CONTROL
campo de control 88284
003 - IDENTIFICADOR DE NÚMERO DE CONTROL
campo de control ES-MaACL
005 - FECHA Y HORA DE LA ÚLTIMA TRANSACCIÓN
campo de control 20230906175830.0
007 - CAMPO FIJO DE DESCRIPCIÓN FÍSICA--INFORMACIÓN GENERAL
campo de control de longitud fija t|
008 - DATOS DE LONGITUD FIJA--INFORMACIÓN GENERAL
campo de control de longitud fija 050103s1981 sp ||||1| spa d
100 1# - ENTRADA PRINCIPAL--NOMBRE DE PERSONA
Nombre de persona Laín Entralgo, Pedro,
Fechas asociadas al nombre 1908-2001
9 (RLIN) 69681
245 10 - MENCIÓN DEL TÍTULO
Título Más de cien españoles /
Mención de responsabilidad, etc. Pedro Laín Entralgo.
250 ## - MENCION DE EDICION
Mención de edición [1ª ed.].
260 ## - PUBLICACIÓN, DISTRIBUCIÓN, ETC.
Lugar de publicación, distribución, etc. Barcelona :
Nombre del editor, distribuidor, etc. Planeta,
Fecha de publicación, distribución, etc. [1981]
300 ## - DESCRIPCIÓN FÍSICA
Extensión 372 p. :
Otras características físicas il. ;
Dimensiones 25 cm.
490 1# - MENCIÓN DE SERIE
Mención de serie Espejo de España. Serie Los españoles ;
Designación de volumen o secuencia 68
740 0# - ENTRADA AGREGADA--TÍTULO RELACIONADO/ANALÍTICO NO CONTROLADO
Título relacionado o analítico no controlado Más de 100 españoles.
830 0# - PUNTO DE ACCESO ADICIONAL DE SERIE-TÍTULO UNIFORME
Título uniforme Espejo de España. Serie Los españoles ;
Designación de volumen o secuencia 68
9 (RLIN) 178159
852 ## - LOCALIZACIÓN
Ubicación ES-MaACL
Número de control de estantería L-6509
Sublocalización o colección R.107363
Holdings
Estatus retirado Estado de pérdida Estado de daño No para préstamo Biblioteca de origen Biblioteca actual Ubicación en estantería Fecha de adquisición Fuente de adquisición Total de préstamos Signatura topográfica completa Código de barras Visto por última vez Precio de reemplazo Tipo de ítem Koha
        Biblioteca del Ateneo de Madrid Biblioteca del Ateneo de Madrid Depósito 2 17/01/2008     L-6509 1092222 23/02/2023 23/02/2023 Libro impreso